| 000 | 00933nam a22002297a 4500 | ||
|---|---|---|---|
| 008 | 081204t xxu||||| |||| 00| 0 eng d | ||
| 010 | _aENG-91986 | ||
| 020 | _c59.00 | ||
| 035 | _aEN-75519 | ||
| 037 | _bDBAD / PUB | ||
| 040 |
_adpl _bEnglish |
||
| 082 | _a371.30281 | ||
| 100 | _aMuralidharan | ||
| 245 |
_aA handbook for your sure success and high marks in exams: _cby Muralidharan _btast taking strategies and study skills / |
||
| 260 |
_aChennai _bCBH Publishers & Distributors _c2006(repr.). |
||
| 270 |
_a20, Vijayalakshmi Street, Mahalingapuram, Nungambakkam, _bChennai _e600034 |
||
| 300 |
_a96p.: _c20cm (pbk) _bill. |
||
| 650 | _aTest-taking skills. | ||
| 650 | _aStudy skills. | ||
| 942 |
_2ddc _cEN _mMUR _h371.30281 |
||
| 999 |
_c19489 _d19489 |
||